000 00479nmm a2200157Ia 4500
008 251105s9999||||xx |||||||||||||||||und||
020 _a9788497888462
041 _aspa
100 _aGomis López, Joan Miquel
245 0 _aTurismo justo, globalización y TIC
264 _a[Madrid, España] :
_bUniversitat Oberta de Catalunya,
_c2009
300 _a102 páginas
650 _aEconomics and Business
856 _uhttps://public.digitaliapublishing.com/a/20588
942 _cCF
999 _c90739
_d90739